000 01183cam a22002054a 4500
005 20250605164045.0
008 250528s ||||||||||||||||||||||||d
035 _a17113
020 _a314026916
040 _aGR-AtMCL
_bgre
_dGR-AtMCL
_eAACR2
245 1 _aUnderstanding Statistics / In the Behavioral Sciences: Fourth Edition
250 _a4th
260 _bWest Publishing Company,
_c1994
300 _a660
520 _aOverview, Statistics and Scientific Method, Descriptive Statistics, Basic Mathematical and Measurement Concepts, Frequency Distributions, Measures of Central Tendency and Variability, The Normal Curves and Standard Scores, Linear Regression, Correlation, Inferential Statistics, Random Sampling and Probability, Binomial Distribution, Introduction to Hypothesis Testing Using the Sign Test, Power, Mann-Whitney U Test, Students t Test for Single Samples, Introduction to the Analysis of Variance, Multiple Comparisons, Introduction to Two-Way Analysis of Variance, Chi-Square and Other Non Parametric Tests, Review of Inferential Statistics, Appendices, Index.
700 1 _aPagano Robert R
_93255
942 _cBK
999 _c2553
_d2553